00637nam a2200217Ia 4500003000900000005001700009008004100026040001300067040001300080041000800093100002100101100000800122245010700130250001100237260004000248260000900288300001000297440001300307490000600320600009300326IT-RoPAU20220918175644.0120407s9999 xx 000 0 und d aIT-RoPAU cIT-RoPAU aita aGiuseppe Barbero cssp aIl sacerdote Giacomo Alberione. Un uomo-un’idea. bVita e opere del Fondatore della Famiglia Paolina aRoma  aArchivio Storico Gen. Fam. Paolina  c1988 c21 cm vVol. III v1 a"1° V. 1884-1922. 322 p. 2° V 1923-1945. 266 p 3° V. 1946-1971. 400 p."